Catálogo público

Microbiología alimentaria / (Record no. 175927)

MARC details
000 -CABECERA
campo de control de longitud fija 01138nam a2200325Ia 4500
001 - NÚMERO DE CONTROL
campo de control dia_5115
003 - IDENTIFICADOR DEL NÚMERO DE CONTROL
campo de control CHAP
005 - FECHA Y HORA DE LA ÚLTIMA TRANSACCIÓN
campo de control 20251027152718.0
008 - DATOS DE LONGITUD FIJA--INFORMACIÓN GENERAL
campo de control de longitud fija 220117s1995 xx 000 0 und d
010 ## - NÚMERO DE CONTROL DE LA BIBLIOTECA DEL CONGRESO
Número de control de LC 175927
020 ## - NÚMERO INTERNACIONAL ESTÁNDAR DEL LIBRO
Número Internacional Estándar del Libro 84-200-0771-4 (v. 1.) \ 84-200-0784-6 (v. 2.)
040 ## - FUENTE DE LA CATALOGACIÓN
Centro/agencia transcriptor CHAP
082 ## - NÚMERO DE LA CLASIFICACIÓN DECIMAL DEWEY
Número de clasificación 576.163 M53 1995
245 ## - MENCIÓN DE TÍTULO
Título Microbiología alimentaria /
Mención de responsabilidad, etc. coordinación C. M. Bourgeois, J. P. Larpent ; traducción José Antonio Beltrán García
260 ## - PUBLICACIÓN, DISTRIBUCIÓN, ETC.
Lugar de publicación, distribución, etc. España :
Nombre del editor, distribuidor, etc. Acribia,
Fecha de publicación, distribución, etc. 1995
300 ## - DESCRIPCIÓN FÍSICA
Extensión 2 v.
500 ## - NOTA GENERAL
Nota general Título original: Microbiologie alimentaire
504 ## - NOTA DE BIBLIOGRAFÍA, ETC.
Nota de bibliografía, etc. Incluye bibliografías
505 ## - NOTA DE CONTENIDO CON FORMATO
Nota de contenido con formato v. Aspectos microbiológicos \ v. 2. Fermentaciones alimentarias
590 ## - NOTA LOCAL (RLIN)
Nota local QR115 M53 1995
650 ## - PUNTO DE ACCESO ADICIONAL DE MATERIA--TÉRMINO DE MATERIA
Término de materia o nombre geográfico como elemento de entrada Alimentos
Subdivisión general Microbiología
9 (RLIN) 150593
650 ## - PUNTO DE ACCESO ADICIONAL DE MATERIA--TÉRMINO DE MATERIA
Término de materia o nombre geográfico como elemento de entrada Food
Subdivisión general Microbiology
9 (RLIN) 150594
700 ## - PUNTO DE ACCESO ADICIONAL--NOMBRE DE PERSONA
Nombre de persona Beltrán García, José Antonio, tr.
9 (RLIN) 157386
700 ## - PUNTO DE ACCESO ADICIONAL--NOMBRE DE PERSONA
Nombre de persona Bourgeois, C. M., coord.
9 (RLIN) 157537
700 ## - PUNTO DE ACCESO ADICIONAL--NOMBRE DE PERSONA
Nombre de persona Larpent, J. P., coord.
9 (RLIN) 157538
901 ## - ELEMENTOS DE DATOS A LOCAL LDA (RLIN)
a 576.163 M53 1995
902 ## - ELEMENTOS DE DATOS B LOCAL, LDB (RLIN)
a M
905 ## - ELEMENTOS DE DATOS E LOCAL, LDE (RLIN)
a 5232271995 sp aimn8222223322spa16
942 ## - ELEMENTOS DE PUNTO DE ACCESO ADICIONAL (KOHA)
Tipo de ítem Koha Libro
Fuente del sistema de clasificación o colocación Dewey Decimal Classification
Holdings
Estado de retiro Estado de pérdida Fuente del sistema de clasificación o colocación Estado dañado No para préstamo Código de colección Localización permanente Ubicación/localización actual Ubicación en estantería Fecha de adquisición Información codificada de la localización en otra ubicación Enumeración/cronología de publicación seriada Total de préstamos Renovaciones totales Código de barras Fecha visto por última vez Fecha del último préstamo Número de copia Precio válido a partir de Tipo de ítem Koha En préstamo
    Dewey Decimal Classification     General Ingenieria Agroindustrial Ingenieria Agroindustrial   18/01/2022 1 Volumen: 2 6 5 dia_007993 30/06/2025 30/06/2025 2 18/01/2022 Libro  
    Dewey Decimal Classification     General Ingenieria Agroindustrial Ingenieria Agroindustrial   18/01/2022 1 Volumen: 2     dia_007135 18/01/2022   1 18/01/2022 Libro  
    Dewey Decimal Classification     General Ingenieria Agroindustrial Ingenieria Agroindustrial   18/01/2022 1 Volumen: 1 7   dia_007320 13/05/2025 13/05/2025 1 18/01/2022 Libro  
    Dewey Decimal Classification     General Ingenieria Agroindustrial Ingenieria Agroindustrial   18/01/2022 1 Volumen: 1 1   dia_007992 20/10/2023 20/10/2023 2 18/01/2022 Libro 20/10/2023